Les joueurs français jouant en Bundesliga - Statistiques

Statistiques générales
  • Ce quiz a été pris 89 fois
    5 depuis la dernière actualisation
  • Le résultat moyen est 9 sur 31
Statistiques - réponses
Club Poste Joueur % Correct
Bayern Munich Défenseur Dayot Upamecano
100%
Leipzig Défenseur Castello Lukeba
80%
Bayern Munich Attaquant Michael Olise
80%
Borussia Mönchengladbach Attaquant Franck Honorat
60%
Bayer Leverkusen Défenseur Loïc Badé
60%
Bayer Leverkusen Attaquant Martin Terrier
60%
Bayern Munich Défenseur Sacha Boey
60%
Stuttgart Défenseur Dan-Axel Zagadou
40%
Leipzig Défenseur El Chadaille Bitshiabu
40%
Eintracht Francfort Attaquant Elye Wahi
40%
Augsbourg Attaquant Alexis Claude-Maurice
20%
Mayence Défenseur Anthony Caci
20%
Bayer Leverkusen Défenseur Axel Tape
20%
Augsbourg Défenseur Chrislain Matsima
20%
Hoffenheim Attaquant David Mokwa
20%
Augsbourg Milieu de terrain Han-Noah Massengo
20%
Bayer Leverkusen Défenseur Janüel Belocian
20%
Hambourg Attaquant Jean-Luc Dompé
20%
Eintracht Francfort Milieu de terrain Jean-Mattéo Bahoya
20%
Fribourg Défenseur Jordy Makengo
20%
Stuttgart Défenseur Lorenz Assignon
20%
Hambourg Attaquant Rayan Philippe
20%
Hoffenheim Défenseur Valentin Gendrey
20%
Hambourg Défenseur William Mikelbrencis
20%
Hambourg Défenseur Aboubaka Soumahoro
0%
Mayence Attaquant Arnaud Nordin
0%
Wolfsbourg Défenseur Mathys Angéli
0%
Stuttgart Défenseur Saël Kumbedi
0%
Werder Breme Milieu de terrain Skelly Alvero
0%
Union Berlin Défenseur Stanley Nsoki
0%
Leipzig Attaquant Tidiam Gomis
0%
Aucun quiz correspondant
Distribution des résultats
% des personnes avec chaque résultat
Percentile par nombre de réponses
Votre historique - résultats
Vous n’avez pas pris ce quiz depuis la dernière actualisation